Paprade v bytoch

Bibliographic Details
Main Author: Ježek, Zdeněk (Author)
Format: Article
Language:Slovak
PhysicalDescription:Fotogr.
ISSN:0862-5565
Subjects:

MARC

LEADER 00000nab a2200000 a 4500
001 vtls000870549
003 SK-MaSNL
005 20260303220459.0
008 180205c2004 xo 0 slo
015 |a SNBRB2004/04-12742 
035 |a CLN000222101 
040 |a SNKBUCL  |b slo  |c SNKBUCL  |e AACR2 
041 0 |a slo 
044 |a xo  |c SK 
080 |a 635.91  |2 UDC-MRF-SK2 
100 1 |a Ježek, Zdeněk  |4 aut  |9 6270 
245 1 0 |a Paprade v bytoch  |c Zdeněk Ježek 
300 |b Fotogr. 
650 0 7 |a paprade  |2 SNKPH  |9 27361 
650 0 7 |a izbové rastliny  |2 SNKPH  |9 1079 
655 7 |a články z novín a časopisov  |2 SNK  |9 267496 
773 0 |x 0862-5565  |t Záhradkár  |g Roč. 40, č. 1 (2004), s. 66-69 
850 |a Slovenská národná knižnica v Martine 
852 |a SNK  |b KIS3GCP 
958 |a RBX 
999 |c 2227424  |d 2229354